Los signos de la misa / (Record no. 28597)

MARC details
000 -LEADER
campo de control de longitud fija 00579nam a2200181 i 4500
001 - NÚMERO DE CONTROL
campo de control 28597
003 - IDENTIFICADOR DE NÚMERO DE CONTROL
campo de control ES-MaACL
005 - FECHA Y HORA DE LA ÚLTIMA TRANSACCIÓN
campo de control 20230906153908.0
007 - CAMPO FIJO DE DESCRIPCIÓN FÍSICA--INFORMACIÓN GENERAL
campo de control de longitud fija t|
008 - DATOS DE LONGITUD FIJA--INFORMACIÓN GENERAL
campo de control de longitud fija 030117s1970 sp ||||1| spa d
100 1# - ENTRADA PRINCIPAL--NOMBRE DE PERSONA
Nombre de persona Azpeitia, Eduardo María.
9 (RLIN) 24342
245 14 - MENCIÓN DEL TÍTULO
Título Los signos de la misa /
Mención de responsabilidad, etc. Eduardo María Azpeitia, Jesús María Pascual.
260 ## - PUBLICACIÓN, DISTRIBUCIÓN, ETC.
Lugar de publicación, distribución, etc. Bilbao :
Nombre del editor, distribuidor, etc. Mensajero,
Fecha de publicación, distribución, etc. [1970]
300 ## - DESCRIPCIÓN FÍSICA
Extensión 93 p. ;
Dimensiones 19 cm.
500 ## - NOTA GENERAL
Nota general Las pág. 65, 68, 69, 70, 72, 73, 76, 77, 78, y 80 en blanco.
700 1# - ENTRADA AGREGADA--NOMBRE PERSONAL
Nombre de persona Pascual, Jesús María.
9 (RLIN) 89350
852 ## - LOCALIZACIÓN
Ubicación ES-MaACL
Número de control de estantería C-51122
Sublocalización o colección R.76473
Holdings
Estatus retirado Estado de pérdida Estado de daño No para préstamo Biblioteca de origen Biblioteca actual Ubicación en estantería Fecha de adquisición Fuente de adquisición Total de préstamos Signatura topográfica completa Código de barras Visto por última vez Precio de reemplazo Tipo de ítem Koha
        Biblioteca del Ateneo de Madrid Biblioteca del Ateneo de Madrid Depósito 2 17/01/2008     C-51122 1029527 23/02/2023 23/02/2023 Libro impreso